ბათუმის შოთა რუსთაველის სახელმწიფო უნივერსიტეტის ბიბლიოთეკა

Расчет бетонных и железобетонных конструкций на изменения температуры и влажности с учетом ползучести. (ბიბ.ჩანაწერი № 40374)

000 -LEADER
fixed length control field 00883nam a2200217Ia 4500
001 - CONTROL NUMBER
control field 6982
003 - CONTROL NUMBER IDENTIFIER
control field GE_BSU
008 - FIXED-LENGTH DATA ELEMENTS--GENERAL INFORMATION
fixed length control field 181216s||||||||xx |||||||||||||| ||und||
040 ## - CATALOGING SOURCE
Transcribing agency GE_BSU
080 ## - UNIVERSAL DECIMAL CLASSIFICATION NUMBER
Universal Decimal Classification number 624.012.454
100 ## - MAIN ENTRY--PERSONAL NAME
Personal name Александровский,С.В.
245 ## - TITLE STATEMENT
Title Расчет бетонных и железобетонных конструкций на изменения температуры и влажности с учетом ползучести.
250 ## - EDITION STATEMENT
Edition statement Изд 2-ое, перераб. и доп.
260 ## - PUBLICATION, DISTRIBUTION, ETC.
Place of publication, distribution, etc. М.
260 ## - PUBLICATION, DISTRIBUTION, ETC.
Name of publisher, distributor, etc. Стройиздат.
260 ## - PUBLICATION, DISTRIBUTION, ETC.
Date of publication, distribution, etc. 1973.
300 ## - PHYSICAL DESCRIPTION
Extent 432стр. 22см.
300 ## - PHYSICAL DESCRIPTION
Accompanying material табл.
653 ## - INDEX TERM--UNCONTROLLED
Uncontrolled term Расчет бетонных и железобетонных конструкций на изменения температуры и влажности с учетом ползучести.
942 ## - ADDED ENTRY ELEMENTS (KOHA)
Koha item type წიგნი
ეგზემპლარები
Withdrawn status Lost status Damaged status Not for loan Date acquired Barcode Date last seen Price effective from Koha item type
        2018-12-17 10126 2018-12-17 2018-12-17 წიგნი